000
00285nam a2200097Ia 4500
082
_a
EJF LEVI
245
0
_a
The man who nearly became fishpaste and other plays
100
_a
LEVIN, Nicole Cape Town, 2009
_9
84636
942
_c
BK
008
210817s9999 xx 000 0 und d
999
_c
369147
_d
369146